|
|
|
|
| LEADER |
01984nam a2200421 a 4500 |
| 001 |
mzk03001175455 |
| 003 |
CZ BrMZK |
| 005 |
20140127083856.0 |
| 007 |
ta |
| 008 |
081125s1792 xr ||||fr|||||000|||lat|d |
| 040 |
|
|
|a BOA001
|b cze
|d BOE950
|
| 072 |
|
7 |
|a 094
|x Staré tisky
|2 Konspekt
|9 12
|
| 072 |
|
7 |
|a 27-9
|x Dějiny křesťanské církve
|2 Konspekt
|9 5
|
| 080 |
|
|
|a 025.171
|2 MRF
|
| 080 |
|
|
|a 27-9
|2 MRF
|
| 080 |
|
|
|a (0.068)094
|2 MRF
|
| 100 |
1 |
|
|a Schmalfus, Cosmas,
|d 1730-1811
|7 pna2009495528
|4 aut
|
| 245 |
1 |
0 |
|a Historia religionis et ecclesiae Christianae.
|n Tomus III., periodus II.,
|p A Constantino M. Imperatore usque ad Carolum M. seu ab An. CCCXII usque add An. DCCC /
|c studio P. Cosmae Schmalfus, ord.eremit.s.augustini, in Universitate Pragensi sacrae theologiae doctoris, et senioris, quondam professoris caesareo-regii, publici et ordinarii
|
| 246 |
3 |
0 |
|a Constantino M. Imperatore usque ad Carolum M. seu ab An. CCCXII usque add An. DCCC
|
| 260 |
|
|
|a Vetero-Pragae :
|b Typis Francisci Gerzabek,
|c 1792
|
| 300 |
|
|
|a 363, [4] s. ;
|c 8°
|
| 561 |
|
|
|a Provenience: [alianční znakové exlibris Rajhradského kláštera] Monasterii Rayhradensis Ord. S. Benedicti
|
| 561 |
|
|
|a Provenience: Exlibris se studujícím mnichem
|
| 561 |
|
|
|a Provenience: [m.p.] N. 5248
|
| 563 |
|
|
|a Kožená vazba se zlaceným hřbetem, rajhradské alianční znakové supralibros na přední desce, červená ořízka
|
| 650 |
0 |
7 |
|a historické knihovní fondy
|7 ph172933
|2 czenas
|
| 650 |
|
7 |
|a církevní dějiny
|7 ph114283
|2 czenas
|
| 655 |
|
7 |
|a staré tisky
|7 fd422076
|2 czenas
|
| 856 |
4 |
1 |
|u https://imageserver.mzk.cz/mzk03/001/175/455/328100200042.titul.jp2
|y Titulní list
|
| 903 |
|
|
|a RP
|
| 910 |
|
|
|e BOE950
|c R - L. I. a. 44
|
| 978 |
|
|
|b Jeřábek, František
|a Praha
|c 1792
|
| 984 |
|
|
|a Praha
|b Česko
|
| 985 |
|
|
|a 1751-1800
|
| 990 |
|
|
|a BK
|
| 996 |
|
|
|e BOE950
|c R - L. I. a. 44
|
| 991 |
|
|
|k rajhrad
|
| 980 |
|
|
|c 200042
|g R - L. I. a. 44
|d 20081125
|t 5
|j ?
|1 328100200042
|n J
|z KR
|v V
|